Diffusion-controlled wear of steel friction stir welding tools used on aluminum alloys; Перспективные материалы с иерархической структурой для новых технологий и надежных конструкций

গ্রন্থ-পঞ্জীর বিবরন
Parent link:Перспективные материалы с иерархической структурой для новых технологий и надежных конструкций.— 2015.— [С. 534-535]
সংস্থা লেখক: Национальный исследовательский Томский политехнический университет (ТПУ) Институт физики высоких технологий (ИФВТ) Кафедра физики высоких технологий в машиностроении (ФВТМ)
অন্যান্য লেখক: Tarasov S. Yu. Sergei Yulievich, Kalashnikova T. A., Kalashnikov K. N., Rubtsov V. E. Valery Evgenjevich, Eliseev A. A., Kolubaev Е. А. Evgeny Aleksandrovich
সংক্ষিপ্ত:Заглавие с экрана
ভাষা:ইংরেজি
প্রকাশিত: 2015
মালা:Методы и средства неразрушающего контроля материалов и конструкций с иерархической структурой, включая сварные соединения
বিষয়গুলি:
অনলাইন ব্যবহার করুন:http://www.ispms.ru/files/Conference/2015/tezis_2015.pdf#page=534
বিন্যাস: বৈদ্যুতিক গ্রন্থের অধ্যায়
KOHA link:https://koha.lib.tpu.ru/cgi-bin/koha/opac-detail.pl?biblionumber=646130

MARC

LEADER 00000nla2a2200000 4500
001 646130
005 20240226110130.0
035 |a (RuTPU)RU\TPU\network\11251 
035 |a RU\TPU\network\11245 
090 |a 646130 
100 |a 20160211d2015 k y0rusy50 ba 
101 0 |a eng 
102 |a RU 
105 |a a z 101zy 
135 |a drgn ---uucaa 
181 0 |a i  
182 0 |a b 
200 1 |a Diffusion-controlled wear of steel friction stir welding tools used on aluminum alloys  |f S. Yu. Tarasov [et al.] 
203 |a Text  |c electronic 
225 1 |a Методы и средства неразрушающего контроля материалов и конструкций с иерархической структурой, включая сварные соединения 
300 |a Заглавие с экрана 
337 |a Adobe Reader 
463 1 |0 (RuTPU)RU\TPU\network\11053  |t Перспективные материалы с иерархической структурой для новых технологий и надежных конструкций  |o тезисы докладов Международной конференции, 21-25 сентября 2015 г., Томск  |f Российская академия наук (РАН), Сибирское отделение (СО), Институт физики прочности и материаловедения (ИФПМ)  |v [С. 534-535]  |d 2015 
610 1 |a электронный ресурс 
610 1 |a труды учёных ТПУ 
610 1 |a диффузионный износ 
610 1 |a сварка трением 
610 1 |a перемешивание 
610 1 |a алюминиевые сплавы 
701 1 |a Tarasov  |b S. Yu.  |c specialist in the field of mechanical engineering  |c Professor of Tomsk Polytechnic University, Doctor of technical sciences  |f 1959-  |g Sergei Yulievich  |3 (RuTPU)RU\TPU\pers\31400  |9 15572 
701 1 |a Kalashnikova  |b T. A. 
701 1 |a Kalashnikov  |b K. N. 
701 1 |a Rubtsov  |b V. E.  |c physicist  |c engineer of Tomsk Polytechnic University, candidate of physical and mathematical sciences  |f 1970-  |g Valery Evgenjevich  |3 (RuTPU)RU\TPU\pers\34118 
701 1 |a Eliseev  |b A. A. 
701 1 |a Kolubaev  |b Е. А.  |c physicist  |c engineer of Tomsk Polytechnic University, Candidate of Physical and Mathematical Sciences  |f 1979-  |g Evgeny Aleksandrovich  |3 (RuTPU)RU\TPU\pers\34115  |9 17655 
712 0 2 |a Национальный исследовательский Томский политехнический университет (ТПУ)  |b Институт физики высоких технологий (ИФВТ)  |b Кафедра физики высоких технологий в машиностроении (ФВТМ)  |3 (RuTPU)RU\TPU\col\18687 
801 1 |a RU  |b 63413507  |c 20101016 
801 2 |a RU  |b 63413507  |c 20170908  |g RCR 
856 4 |u http://www.ispms.ru/files/Conference/2015/tezis_2015.pdf#page=534 
942 |c CF